Psicomotricidade e neuropsicologia (Registo nº 36330)

Detalhes MARC
000 -Etiqueta do registo
Valores 00889nam a2200301 4500
010 ## - Número ISBN
ISBN 9789727803408
021 ## - Número do Depósito Legal
Código do país Portugal
Número 338155/11
100 ## - Dados gerais de processamento
Dados gerais 20121120d2011 m y0pory5003 ba
101 0# - Língua de publicação
Língua Português
102 ## - País de publicação
País Portugal
200 1# - Titulo e menção de responsabilidade
Título próprio Psicomotricidade e neuropsicologia
Informação de outro título uma abordagem evolucionista
Primeira menção de responsabilidade Vitor da Fonseca
205 ## - Menção da edição
Edição 1.ª ed
210 #9 - Publicação
Local de publicação Lisboa
Nome do editor Âncora,
Data de publicação 2011
215 ## - Descrição física 
Paginação / Volumes 167 p.
Outras indicações físicas il.
Dimensões 23 cm
225 2# - Colecção 
Título próprio da colecção Obras de Vitor da Fonseca
305 ## - Nota relativa à edição da publicação
Texto da nota Bibliografia, p. 157-167
606 ## - Nome comum usado como assunto
ID Autoridade 6711
Palavra de ordem Psicomotricidade
675 ## - CDU
Notação 159.943
Edição BN
Língua por
675 ## - CDU
Notação 159.946
Edição BN
Língua por
675 ## - CDU
Notação 612.8
Edição BN
Língua por
675 ## - CDU
Notação 572.1/.4
Edição BN
Língua por
700 #1 - Autor principal
Apelido Fonseca,
Nome Vítor da
ID Autoridade 6591
801 #0 - Fonte de origem
País PT
Agência BN
Regras de catalogação RPC
856 41 - Localização e acesso electrónico 
URL <a href="http://rnod.bnportugal.gov.pt/ImagesBN/winlibimg.aspx?skey=&doc=1823824&img=19952&save=true">http://rnod.bnportugal.gov.pt/ImagesBN/winlibimg.aspx?skey=&doc=1823824&img=19952&save=true</a>
090 ## - Tipo de documento
Koha biblioitem number (autogenerated) 36330
990 ## - Elementos KOHA
Tipo de documento Livro
994 ## - Estado da catalogação
Situação Completo
Exemplares
Situação do levantamento Situação do extravio Biblioteca de origem Biblioteca de empréstimo Código de barras Cota Permissão de empréstimo Tipo de documento Forma de aquisição
  Completo Biblioteca Municipal de Viana Do Alentejo Biblioteca Municipal de Viana Do Alentejo 0034765 159.9 FON Disponível Livro Compra




Powered by Koha